000
00238nam a22001097a 4500
082
_a
824/SWA
100
_a
Swapnil
_9
83144
245
_a
The Eleven Letters
260
_a
Jaipur
_b
Holistic Publishing
_c
2024
650
_a
Letters
942
_c
BK
999
_c
67928
_d
67928